Robinson crusoe / (Record no. 177586)
[ view plain ]
| 000 -LEADER | |
|---|---|
| fixed length control field | 00950nam a22002297a 4500 |
| 005 - DATE AND TIME OF LATEST TRANSACTION | |
| control field | 20210408115650.0 |
| 010 ## - LCCN (DPL NO) | |
| LC control number | B-739336-338 B-739740 |
| 020 ## - INTERNATIONAL STANDARD BOOK NUMBER | |
| International Standard Book Number | 9789389136487 |
| Terms of availability | 250.00 |
| 035 ## - SYSTEM CONTROL NUMBER | |
| System control number | B-739336-338 |
| 035 ## - SYSTEM CONTROL NUMBER | |
| System control number | B-739740 |
| 037 ## - SOURCE OF ACQUISITION | |
| Source of stock number/acquisition | Niyogi Books |
| 037 ## - SOURCE OF ACQUISITION | |
| Source of stock number/acquisition | Gift |
| 082 ## - DEWEY DECIMAL CLASSIFICATION NUMBER | |
| Classification number | N |
| 100 ## - MAIN ENTRY--PERSONAL NAME | |
| Personal name | Defoe, Daniel |
| 245 ## - TITLE STATEMENT | |
| Title | Robinson crusoe / |
| Statement of responsibility, etc | by Daniel Defoe |
| 260 ## - PUBLICATION, DISTRIBUTION, ETC. (IMPRINT) | |
| Place of publication, distribution, etc | New Delhi |
| Name of publisher, distributor, etc | Niyogi Books |
| Date of publication, distribution, etc | 2020 |
| 270 ## - ADDRESS | |
| Address | Block D, Building No. 77, Okhla Industrial Area, Phase-I |
| City | New Delhi |
| Postal code | 110020 |
| 300 ## - PHYSICAL DESCRIPTION | |
| Extent | 111p.: |
| Dimensions | 19cm(Hb) |
| Other physical details | ill. |
| 942 ## - ADDED ENTRY ELEMENTS (KOHA) | |
| Source of classification or shelving scheme | Dewey Decimal Classification |
| Item type | Children Books |
| Classification part | N |
| Call number suffix | DEF |
| Withdrawn status | Lost status | Not for loan | Collection code | Home library | Current library | Date acquired | Source of acquisition | Cost, normal purchase price | Full call number | Barcode | Copy number | Cost, replacement price | Koha item type | Public note |
|---|---|---|---|---|---|---|---|---|---|---|---|---|---|---|
| Fiction | Central Library | Central Library | 08/04/2021 | Gift/Eng/05-04-2021 | 250.00 | N DEF | B-739740 | 1 | 250.00 | Children Books | Gift | |||
| Fiction | Mobile Library | Mobile Library | 23/03/2021 | Niyogi Books/NB/2020-21/2263/03-03-2021/31/03-03-2021/15-03-2021 | 250.00 | N DEF | B-739336 | 3 | 250.00 | Children Books | ||||
| Fiction | Mobile Library | Mobile Library | 23/03/2021 | Niyogi Books/NB/2020-21/2263/03-03-2021/31/03-03-2021/15-03-2021 | 250.00 | N DEF | B-739337 | 3 | 250.00 | Children Books | ||||
| Fiction | Mobile Library | Mobile Library | 23/03/2021 | Niyogi Books/NB/2020-21/2263/03-03-2021/31/03-03-2021/15-03-2021 | 250.00 | N DEF | B-739338 | 3 | 250.00 | Children Books |
